01097nam a22002777a 45000010005000000030006000050050017000110080041000280200018000690400029000870500016001160820008001321000019001402450041001592500044002002600037002443000049002814900026003305050008003565200331003645210021006955210020007166500027007366500030007637000026007935500FISKH20241212154755.0241212b cb ||||| |||| 00| 0 eng d a9780439895491 aFISKHbengcFISKHdFISKH aQB46.S95218 a520 aStott, Carole  aStars and planets /cby Carole Stott aFirst Scholastic printing, October 2006 aNew York : bScholastic ;c2005. a47 pages : bcolor illustrations ;c24 cm .  a Kingfisher knowledge aZ  aFrom our solar system neighbors to the mysteries of deep space, this remarkable book explores the planets and stars of our galaxy and beyond. Will interplanetary travel become routine? Why do stars explode? KFK Stars & Planets will motivate avid young astronomers and aspiring astronauts to consider all the biggest questions.8 a1000 bLexile 8 aZ bRaz-Plus  aastronomyvNon-fiction asolar systemvNon-fiction aWeber, VickyeEditor